000 00602 a2200181 4500
999 _c10442
_d10442
020 _a9780323113175
050 _aRT 84 SOR 2014
100 _aSorrentino, Sheila A.
_eauthor
245 _aMosby's essentials for nursing assistants /
_cSheila A. Sorrentino and Leighann N. Rummert
250 _a5th edition
264 _aCanada:
_bElsevier,
_c2014
300 _a532 pages
_bcolored illustrations
500 _aIncludes bibliographical references and index
650 _aNurses' Aides
650 _anursing care-
_xmethods
700 _aRemmert, Leighann
_eauthor
942 _2lcc
_cBK
_e5th
_h84
_iSOR
_kRT